[Event "City-ch w"]
[Site "St Petersburg RUS"]
[Date "2003.04.17"]
[Round "1"]
[White "Sudakova,I"]
[Black "Korbut,E"]
[Result "1/2-1/2"]
[WhiteElo "2277"]
[BlackElo "2312"]
[EventDate "2003.04.16"]

1. e4 c5 2. Nf3 Nc6 3. d4 cxd4 4. Nxd4 e5 5. Nb5 d6 6. N1c3 a6 7. Na3 b5 8.
Nd5 Nf6 9. Bg5 Qa5+ 10. Bd2 Qd8 11. Bg5 Qa5+ 1/2-1/2

[Event "City-ch w"]
[Site "St Petersburg RUS"]
[Date "2003.04.17"]
[Round "1"]
[White "Mokhova,K"]
[Black "Kuzevanova,E"]
[Result "1/2-1/2"]
[WhiteElo "2155"]
[BlackElo "2048"]
[EventDate "2003.04.16"]

1. e4 d5 2. exd5 Qxd5 3. d4 e5 4. c3 Nc6 5. Nf3 exd4 6. cxd4 Nf6 7. Nc3 Bb4
8. Bd2 Qd8 9. Bg5 O-O 10. Be2 Be7 11. O-O Nb4 12. Re1 Be6 13. Ne5 c6 14. a3
Nbd5 15. Bd3 Nxc3 16. bxc3 Nd5 17. Bd2 Bf6 18. Rb1 Qc8 19. Qf3 Ne7 20. a4
Ng6 21. Nc4 Qc7 22. Qh5 Rad8 23. Qf3 b6 24. Bxg6 hxg6 25. Bf4 Qd7 26. Nd6
Bd5 27. Qe3 Be6 28. c4 Be7 29. c5 Bxd6 30. Bxd6 Rfe8 31. Qg3 bxc5 32. dxc5
Bf5 33. Rbc1 Rxe1+ 34. Rxe1 Re8 35. f3 Rxe1+ 36. Qxe1 Qe6 37. Qxe6 1/2-1/2

[Event "City-ch w"]
[Site "St Petersburg RUS"]
[Date "2003.04.17"]
[Round "1"]
[White "Bystryakova,E"]
[Black "Akatova,E"]
[Result "0-1"]
[WhiteElo "2197"]
[BlackElo "2136"]
[EventDate "2003.04.16"]

1. d4 d6 2. Nf3 g6 3. Bg5 Bg7 4. c3 h6 5. Bh4 Nd7 6. Nbd2 Ngf6 7. e4 e5 8.
Bd3 O-O 9. O-O g5 10. Bg3 Nh5 11. Re1 Nf4 12. Bf1 Qe7 13. Nc4 Rd8 14. a4
Nf8 15. a5 a6 16. Qc2 N8g6 17. dxe5 dxe5 18. Rad1 Bg4 19. Rxd8+ Rxd8 20.
Nfd2 h5 21. f3 Be6 22. Ne3 g4 23. Bf2 Qg5 24. Kh1 Bf6 25. b4 Kg7 26. Rd1 h4
27. Nf5+ Kh7 28. Nb3 gxf3 29. gxf3 Bc4 30. Ne3 Bxf1 31. Rxf1 Nh3 32. Ng2
Qh5 33. Be3 Bg5 34. Nc5 Bxe3 35. Nxe3 Qg5 36. Nd5 c6 37. Nxb7 Rg8 38. Qc1
Qg2+ 39. Kxg2 Ngf4+ 40. Kh1 Rg1+ 0-1

[Event "City-ch w"]
[Site "St Petersburg RUS"]
[Date "2003.04.17"]
[Round "1"]
[White "Aseeva,M"]
[Black "Dushenok,A"]
[Result "1-0"]
[WhiteElo "2125"]
[BlackElo "2224"]
[EventDate "2003.04.16"]

1. e4 e6 2. d4 d5 3. Nc3 dxe4 4. Nxe4 Nd7 5. Nf3 Ngf6 6. Bd3 c5 7. O-O Qc7
8. Qe2 Nxe4 9. Bxe4 Bd6 10. d5 e5 11. Re1 O-O 12. Nh4 Nf6 13. Bf5 Nxd5 14.
Bxc8 Raxc8 15. Nf5 Nf4 16. Qg4 Ne6 17. Bh6 f6 18. Qc4 Rfe8 19. Bxg7 Kf7 20.
Rad1 Rcd8 21. Bh6 Rg8 22. Rd3 Qc6 23. f3 b5 24. Rxd6 Rxd6 25. Nxd6+ Qxd6
26. Qxb5 Rb8 27. Qa5 Rxb2 28. Qxa7+ Kg6 29. Be3 Rxc2 30. h4 h5 31. Qa4 Rb2
32. Qe8+ Kg7 33. Qxh5 Kf8 34. Qf5 Nd4 35. Bh6+ Ke8 36. Qg6+ Kd7 37. h5 Qe6
38. Bg7 Ke7 39. h6 Qf7 40. Qe4 Rb4 41. a3 Rb8 42. f4 Rb2 43. fxe5 f5 44.
Qh4+ Ke8 45. Qg5 Ne6 46. Qf6 Nxg7 47. Qxg7 Rb7 48. Qg5 c4 49. e6 Qf8 50.
Qg6+ Ke7 51. Qh7+ 1-0

[Event "City-ch w"]
[Site "St Petersburg RUS"]
[Date "2003.04.17"]
[Round "1"]
[White "Stjazhkina,O"]
[Black "Rakitskaja,M"]
[Result "1-0"]
[WhiteElo "2313"]
[BlackElo "2122"]
[EventDate "2003.04.16"]

1. Nf3 Nf6 2. b3 d5 3. Bb2 Bg4 4. h3 Bxf3 5. exf3 Nbd7 6. f4 e6 7. g3 Bd6
8. d4 h5 9. h4 Ng4 10. Bd3 Ndf6 11. Nd2 c6 12. Qe2 Qe7 13. a4 O-O 14. O-O
Rfe8 15. Nf3 Nh6 16. Ne5 Nf5 17. c4 dxc4 18. bxc4 Rad8 19. Qc2 Nxh4 20.
gxh4 Bxe5 21. fxe5 Ng4 22. Rae1 Nh2 23. Re4 Nxf1 24. Bxf1 f5 25. exf6 Qxf6
26. Qe2 Qf5 27. Re5 Qg4+ 28. Qxg4 hxg4 29. Be2 Kf7 30. Bxg4 Rd6 31. Kg2 Re7
32. Rg5 Rd8 33. Bh5+ Kg8 34. Re5 b6 35. Bf3 c5 36. d5 Rdd7 37. dxe6 Rd2 38.
Bc1 Rc2 39. Bg5 Re8 40. e7 1-0

[Event "City-ch w"]
[Site "St Petersburg RUS"]
[Date "2003.04.18"]
[Round "2"]
[White "Antoshkova,T"]
[Black "Korbut,E"]
[Result "0-1"]
[WhiteElo "2103"]
[BlackElo "2312"]
[EventDate "2003.04.16"]

1. e4 c5 2. Nf3 g6 3. d4 cxd4 4. Nxd4 Bg7 5. Be2 Nc6 6. Nb3 Nf6 7. Nc3 O-O
8. O-O d6 9. f4 a6 10. Bf3 Bd7 11. Be3 Rc8 12. Kh1 b5 13. g4 b4 14. Na4 Rb8
15. g5 Ne8 16. Qe1 Na5 17. Nb6 Nxb3 18. axb3 Rxb6 19. Bxb6 Qxb6 20. Qh4
Bxb2 21. Rad1 Bb5 22. Rg1 Qe3 23. Rg3 Be2 24. Bg2 Qf2 25. Rg1 Bd4 26. Rb1
Ng7 27. Rh3 Qxh4 28. Rxh4 Rc8 29. f5 Rxc2 30. fxg6 hxg6 31. Bf1 Bf3+ 0-1

[Event "City-ch w"]
[Site "St Petersburg RUS"]
[Date "2003.04.18"]
[Round "2"]
[White "Rakitskaja,M"]
[Black "Sudakova,I"]
[Result "1/2-1/2"]
[WhiteElo "2122"]
[BlackElo "2277"]
[EventDate "2003.04.16"]

1. d4 d5 2. c4 c6 3. e3 Nf6 4. Nf3 e6 5. Nbd2 Nbd7 6. Bd3 Bd6 7. O-O O-O 8.
e4 e5 9. exd5 cxd5 10. cxd5 exd4 11. Nc4 Bc5 12. b4 Bxb4 13. Rb1 Nxd5 14.
Bc2 N7f6 15. Qxd4 Qc7 16. Bg5 Bc5 17. Qh4 h6 18. Bxh6 gxh6 19. Nfe5 Bd6 20.
Qxh6 Bxe5 21. Qg5+ Kh8 22. Qh6+ Kg8 23. Qg5+ 1/2-1/2

[Event "City-ch w"]
[Site "St Petersburg RUS"]
[Date "2003.04.18"]
[Round "2"]
[White "Dushenok,A"]
[Black "Stjazhkina,O"]
[Result "1/2-1/2"]
[WhiteElo "2224"]
[BlackElo "2313"]
[EventDate "2003.04.16"]

1. c4 e5 2. Nc3 d6 3. g3 f5 4. d3 Nf6 5. Bg2 g6 6. e3 Bg7 7. Nge2 O-O 8.
O-O c6 9. Rb1 a5 10. a3 Be6 11. b3 Nbd7 12. Bb2 d5 13. cxd5 Nxd5 14. Nxd5
Bxd5 15. Bxd5+ cxd5 16. d4 g5 17. dxe5 Nxe5 18. f4 Nc6 19. Bxg7 Kxg7 20.
fxg5 Qxg5 21. Nf4 Qe7 22. Nxd5 Qe5 23. Qf3 Rad8 24. Rfd1 Rfe8 25. b4 axb4
26. axb4 Qe6 27. Nf4 Rxd1+ 28. Rxd1 Qxe3+ 1/2-1/2

[Event "City-ch w"]
[Site "St Petersburg RUS"]
[Date "2003.04.18"]
[Round "2"]
[White "Akatova,E"]
[Black "Aseeva,M"]
[Result "1-0"]
[WhiteElo "2136"]
[BlackElo "2125"]
[EventDate "2003.04.16"]

1. e4 e5 2. Nf3 Nc6 3. Bb5 a6 4. Ba4 Nf6 5. Qe2 Bc5 6. c3 b5 7. Bb3 d6 8.
d3 h6 9. Nbd2 O-O 10. h3 Be6 11. g4 Nh7 12. Nf1 d5 13. Rg1 dxe4 14. dxe4
Bxb3 15. axb3 Ng5 16. Rg3 Qf6 17. Nxg5 hxg5 18. Rf3 Qe7 19. Qd2 f6 20. Qd5+
Kh7 21. Qxc6 Rfd8 22. Rxa6 Rxa6 23. Qxa6 Qd7 24. Bd2 Qe8 25. Qa1 Qe6 26. b4
Bb6 27. Be3 Rd3 28. Qb1 Qd7 29. Ke2 Rd6 30. Bxb6 Rxb6 31. Rd3 Qc6 32. f3
Rb8 33. Ne3 Kg6 34. Nd5 Re8 35. Qa2 Qb7 36. Qa5 c6 37. Qc7 Qxc7 38. Nxc7
Rh8 39. Kf2 Rxh3 40. Kg2 Rh8 41. Rd6 1-0

[Event "City-ch w"]
[Site "St Petersburg RUS"]
[Date "2003.04.18"]
[Round "2"]
[White "Kuzevanova,E"]
[Black "Bystryakova,E"]
[Result "0-1"]
[WhiteElo "2048"]
[BlackElo "2197"]
[EventDate "2003.04.16"]

1. e4 c5 2. Nf3 Nc6 3. d4 cxd4 4. Nxd4 g6 5. c4 Bg7 6. Be3 Nf6 7. Nc3 Ng4
8. Qxg4 Nxd4 9. Qd1 Ne6 10. Be2 Qa5 11. O-O b6 12. Nd5 Bxb2 13. Bd2 Qa6 14.
Rb1 Bd4 15. Bg4 Qb7 16. Bxe6 dxe6 17. Bb4 Be5 18. Nxe7 Bd7 19. Re1 Qc7 20.
Qe2 Bxh2+ 21. Kh1 Bd6 22. Nd5 exd5 23. exd5+ Kd8 24. Qf3 Kc8 25. Qf6 Bxb4
26. Rxb4 Kb7 27. d6 Qc5 28. Rb3 Rhe8 29. Rbe3 Rxe3 30. Rxe3 Qh5+ 31. Kg1
Qd1+ 32. Kh2 Kc6 33. g3 Rc8 34. Qxf7 Qxd6 35. Qf3+ Kc7 36. Rd3 Rf8 37. Qd1
Qe6 38. Qf1 Rf5 39. Kg1 Bc6 0-1

[Event "City-ch w"]
[Site "St Petersburg RUS"]
[Date "2003.04.19"]
[Round "3"]
[White "Mokhova,K"]
[Black "Antoshkova,T"]
[Result "1-0"]
[WhiteElo "2155"]
[BlackElo "2103"]
[EventDate "2003.04.16"]

1. e4 e5 2. Bc4 Nf6 3. d3 Be7 4. Nf3 Nc6 5. O-O d6 6. c3 O-O 7. Re1 Bg4 8.
Nbd2 d5 9. exd5 Nxd5 10. h3 Bh5 11. Nf1 Nb6 12. Bb3 Bf6 13. Ng3 Bg6 14. Ne4
Be7 15. Qe2 Kh8 16. Be3 Nd5 17. Rad1 Nxe3 18. fxe3 f5 19. Nf2 Bh5 20. e4
Bc5 21. exf5 Rxf5 22. g4 Bxg4 23. hxg4 Rxf3 24. Qxf3 Qh4 25. Rd2 Rf8 26.
Qg2 Rf4 27. Re4 Qg5 28. Rxf4 exf4 29. Re2 Be3 30. Kf1 Qd8 31. Qd5 Qxd5 32.
Bxd5 Ne5 33. d4 Ng6 34. Nd1 c6 35. Bf7 Nh4 36. Nxe3 1-0

[Event "City-ch w"]
[Site "St Petersburg RUS"]
[Date "2003.04.19"]
[Round "3"]
[White "Aseeva,M"]
[Black "Kuzevanova,E"]
[Result "1-0"]
[WhiteElo "2125"]
[BlackElo "2048"]
[EventDate "2003.04.16"]

1. e4 c5 2. Nf3 d6 3. d4 cxd4 4. Nxd4 Nf6 5. Nc3 a6 6. a4 e5 7. Nf3 h6 8.
Bc4 Nc6 9. h3 Be7 10. O-O O-O 11. Be3 Be6 12. Bd5 Bxd5 13. exd5 Nb8 14. a5
Nbd7 15. Qd2 Nh7 16. Na4 f5 17. Qb4 Qc8 18. Ra3 f4 19. Bb6 Ndf6 20. Nxe5
dxe5 21. Qxe7 Re8 22. Qc5 Qf5 23. d6 Rac8 24. Bc7 Ng5 25. h4 Nge4 26. Qc4+
Kh8 27. Qd3 Nxd6 28. Bxd6 e4 29. Qh3 Ng4 30. f3 Qf6 31. Qxg4 Qxd6 32. fxe4
Rxc2 33. Rd1 Rd2 34. Rxd2 Qxd2 35. Nb6 Qe1+ 36. Kh2 Qxe4 37. Rc3 Qe5 38.
Nc4 Qb8 39. Rf3 Rf8 40. Qe6 Qd8 41. Ne5 Kh7 42. h5 Rf6 43. Qc4 Qxa5 44.
Qe4+ Kg8 45. Rxf4 Rxf4 46. Qxf4 Qd5 47. Qc4 Qxc4 48. Nxc4 1-0

[Event "City-ch w"]
[Site "St Petersburg RUS"]
[Date "2003.04.19"]
[Round "3"]
[White "Sudakova,I"]
[Black "Dushenok,A"]
[Result "1-0"]
[WhiteElo "2277"]
[BlackElo "2224"]
[EventDate "2003.04.16"]

1. d4 Nf6 2. c4 c5 3. d5 d6 4. Nc3 g6 5. e4 Bg7 6. h4 e6 7. dxe6 fxe6 8. h5
Nxh5 9. Rxh5 Bxc3+ 10. bxc3 gxh5 11. Qxh5+ Kd7 12. e5 Nc6 13. Be3 Nxe5 14.
Rd1 Qf6 15. Bxc5 Nf7 16. Bd4 e5 17. Be3 b6 18. c5 bxc5 19. Bc4 Nd8 20. Bxc5
Nb7 21. Be3 Kc7 22. Bd5 Bd7 23. Qe2 Bc6 24. Qc4 Nd8 25. Nf3 h6 26. Nd2 Qf5
27. Ne4 Qd7 28. Qa6 Bxd5 29. Qa5+ Kc8 30. Qxd5 Nb7 31. Rb1 Rh7 32. Rxb7 1-0

[Event "City-ch w"]
[Site "St Petersburg RUS"]
[Date "2003.04.19"]
[Round "3"]
[White "Korbut,E"]
[Black "Rakitskaja,M"]
[Result "1-0"]
[WhiteElo "2312"]
[BlackElo "2122"]
[EventDate "2003.04.16"]

1. e4 c5 2. Nf3 e6 3. d4 cxd4 4. Nxd4 a6 5. Bd3 Nf6 6. c4 Qc7 7. f4 d6 8.
Nc3 Bd7 9. Be3 Nc6 10. O-O Be7 11. Rc1 Nxd4 12. Bxd4 O-O 13. Kh1 Ne8 14.
Qe1 Bc6 15. b4 Bf6 16. e5 dxe5 17. fxe5 Bg5 18. Rd1 Rd8 19. Qf2 Rd7 20. b5
axb5 21. cxb5 Bd5 22. b6 Qd8 23. Bb5 Bc6 24. Bxc6 bxc6 25. Bc5 Be7 26. b7
Bxc5 27. Qxc5 Nc7 28. Rxd7 Qxd7 29. Qxf8+ Kxf8 30. b8=Q+ 1-0

[Event "City-ch w"]
[Site "St Petersburg RUS"]
[Date "2003.04.20"]
[Round "4"]
[White "Mokhova,K"]
[Black "Bystryakova,E"]
[Result "0-1"]
[WhiteElo "2155"]
[BlackElo "2197"]
[EventDate "2003.04.16"]

1. e4 c5 2. c3 d5 3. exd5 Qxd5 4. d4 Nf6 5. Nf3 Bg4 6. Qa4+ Nc6 7. Ne5 cxd4
8. Nxc6 Qe4+ 9. Kd2 Qf4+ 10. Kc2 d3+ 11. Kxd3 Qxa4 12. Nd4 e5 13. f3 Bd7
14. Nb3 O-O-O 15. Ke2 e4 16. Be3 exf3+ 17. gxf3 Bb5+ 18. Kf2 Qh4+ 19. Kg2
Nd5 20. Bd2 Bxf1+ 21. Rxf1 Bd6 0-1

[Event "City-ch w"]
[Site "St Petersburg RUS"]
[Date "2003.04.20"]
[Round "4"]
[White "Antoshkova,T"]
[Black "Rakitskaja,M"]
[Result "1/2-1/2"]
[WhiteElo "2103"]
[BlackElo "2122"]
[EventDate "2003.04.16"]

1. e4 c5 2. Nf3 e6 3. d4 cxd4 4. Nxd4 a6 5. Bd3 Nf6 6. O-O d6 7. Nd2 g6 8.
Kh1 Bg7 9. f4 O-O 10. N2f3 e5 11. fxe5 dxe5 12. Ne2 Nbd7 13. Nc3 b5 14. a3
Bb7 15. Qe1 Qc7 16. Qh4 Nh5 17. Be3 Nf4 18. Rad1 Rae8 19. Rd2 Nc5 20. Ne2
Nfxd3 21. cxd3 Nb3 22. Rdd1 Qe7 23. Qf2 f5 24. Nc1 fxe4 25. dxe4 Nd4 26.
Qg1 Bxe4 27. Nxd4 exd4 28. Bxd4 Bxd4 29. Qxd4 Qb7 30. Rxf8+ Rxf8 31. Qd2
Qd5 32. Qxd5+ Bxd5 33. Kg1 Be4 34. Ne2 1/2-1/2

[Event "City-ch w"]
[Site "St Petersburg RUS"]
[Date "2003.04.20"]
[Round "4"]
[White "Dushenok,A"]
[Black "Korbut,E"]
[Result "1/2-1/2"]
[WhiteElo "2224"]
[BlackElo "2312"]
[EventDate "2003.04.16"]

1. d4 d5 2. c4 dxc4 3. Nf3 Nf6 4. e3 a6 5. Bxc4 b5 6. Bd3 Bb7 7. O-O e6 8.
a4 b4 9. b3 Nbd7 10. Bb2 Ne4 11. Qe2 Bd6 12. Nbd2 Ndf6 13. Nc4 O-O 14. Nfe5
c5 15. Nxd6 Qxd6 16. Nc4 Qe7 17. Qc2 cxd4 18. Bxd4 Rac8 19. f3 Nd6 20. Bxf6
Qxf6 21. Bxh7+ Kh8 22. Bd3 Nxc4 23. bxc4 a5 24. c5 Qg5 25. Qf2 Rxc5 26. f4
Qh5 27. f5 exf5 28. Bxf5 b3 29. Rab1 Ba6 30. e4 Rc2 31. Qf3 Qxf3 32. Rxf3
g6 33. Rfxb3 gxf5 34. Rh3+ Kg7 35. Rg3+ Kf6 36. Rb6+ Ke5 37. Rxa6 fxe4 38.
Rxa5+ Kf4 39. Rb3 f5 40. g3+ Kg4 41. Ra7 Rd8 42. Rg7+ Kh5 43. Rb1 Rdd2 44.
Rh7+ Kg6 45. Rh4 Ra2 46. Rf1 Rxa4 47. Rf2 Ra1+ 48. Rf1 Raa2 49. Re1 Kf6 50.
Rh6+ Ke5 51. Rh5 Rg2+ 52. Kh1 Rgf2 53. g4 Kd4 54. gxf5 e3 55. Rh8 e2 56.
Kg1 Rxf5 57. Re8 Kd3 58. Kg2 Rd2 59. Rd8+ Kc3 60. Re8 1/2-1/2

[Event "City-ch w"]
[Site "St Petersburg RUS"]
[Date "2003.04.20"]
[Round "4"]
[White "Akatova,E"]
[Black "Sudakova,I"]
[Result "1-0"]
[WhiteElo "2136"]
[BlackElo "2277"]
[EventDate "2003.04.16"]

1. d4 Nf6 2. Nc3 d5 3. Bg5 Nbd7 4. f3 e6 5. e4 h6 6. Bh4 dxe4 7. fxe4 Bb4
8. Bd3 c5 9. Nge2 cxd4 10. Nxd4 Qb6 11. Bf2 Bc5 12. Na4 Qa5+ 13. c3 Bxd4
14. Bxd4 Qh5 15. Qxh5 Nxh5 16. O-O e5 17. Be3 O-O 18. Rad1 Nhf6 19. h3 Rb8
20. c4 b6 21. Nc3 Ba6 22. b3 Rbc8 23. Nd5 Nxd5 24. exd5 Nc5 25. Bf5 Rcd8
26. Bc2 Nb7 27. Bc1 Nd6 28. Rfe1 Rfe8 29. Ba3 g6 30. Bb2 e4 31. Bf6 Rc8 32.
a4 Bb7 33. Re2 Kh7 34. Rde1 e3 35. Bd3 a6 36. Rxe3 Rxe3 37. Rxe3 b5 38. Re7
bxc4 39. bxc4 Ba8 40. Ra7 Ne8 41. Bd4 Kg8 42. Rxa6 Rd8 43. Bb6 Rc8 44. Ra7
Kf8 45. Rd7 Nf6 46. Rd8+ Rxd8 47. Bxd8 Nd7 48. Ba5 Ke7 49. Bb4+ Kf6 50. Kf2
Ke5 51. Ke3 f5 52. Bc3+ Kd6 53. Kd4 1-0

[Event "City-ch w"]
[Site "St Petersburg RUS"]
[Date "2003.04.20"]
[Round "4"]
[White "Kuzevanova,E"]
[Black "Stjazhkina,O"]
[Result "0-1"]
[WhiteElo "2048"]
[BlackElo "2313"]
[EventDate "2003.04.16"]

1. e4 d5 2. exd5 Nf6 3. d4 Nxd5 4. c4 Nb6 5. Nf3 g6 6. Nc3 Bg7 7. h3 O-O 8.
Be3 Nc6 9. Qd2 e5 10. d5 Na5 11. b3 e4 12. Nd4 f5 13. Rd1 c6 14. dxc6 Nxc6
15. Nxc6 Qxd2+ 16. Kxd2 bxc6 17. Kc2 f4 18. Bd4 Bf5 19. Bxg7 Kxg7 20. g4
fxg3 21. fxg3 e3+ 22. Bd3 Rae8 23. Ne2 Bxd3+ 24. Kxd3 Nd7 25. Rhf1 Rf2 26.
Rxf2 exf2 27. Rf1 Nc5+ 28. Kd2 Ne4+ 29. Kd3 Kf6 30. Nc3 Nxg3 31. Rxf2+ Nf5
32. Ne4+ Ke5 33. Ng5 Rd8+ 34. Kc3 Rd7 35. b4 h6 36. Nf3+ Ke4 37. Ne1 Ke3
38. Rg2 g5 39. a4 Rd1 40. Nc2+ Kf3 41. Rd2 Rxd2 42. Kxd2 Kg3 43. b5 cxb5
44. cxb5 Kxh3 45. a5 Nd6 46. b6 axb6 47. axb6 Nc4+ 48. Ke2 Nxb6 49. Nd4 Nd5
50. Nf3 g4 0-1

[Event "City-ch w"]
[Site "St Petersburg RUS"]
[Date "2003.04.21"]
[Round "5"]
[White "Sudakova,I"]
[Black "Kuzevanova,E"]
[Result "1-0"]
[WhiteElo "2277"]
[BlackElo "2048"]
[EventDate "2003.04.16"]

1. e4 d5 2. exd5 Nf6 3. d4 Nxd5 4. Nf3 g6 5. c4 Nb6 6. Nc3 Bg7 7. c5 Nd5 8.
Bc4 c6 9. O-O O-O 10. Re1 h6 11. Qb3 Nxc3 12. bxc3 b5 13. Bd3 Kh8 14. a4
Be6 15. Rxe6 fxe6 16. Qxe6 Rf6 17. Qh3 Kh7 18. Bg5 Rxf3 19. gxf3 Nd7 20.
axb5 cxb5 21. Bxb5 Nf6 22. Bc6 Rc8 23. Bxf6 Rxc6 24. Bxg7 Kxg7 25. Rxa7 Rc7
26. Rxc7 Qxc7 27. Qe6 h5 28. c6 Kh6 29. Qd7 Qf4 30. Qxe7 Qc1+ 31. Kg2 Qxc3
32. Qe3+ 1-0

[Event "City-ch w"]
[Site "St Petersburg RUS"]
[Date "2003.04.21"]
[Round "5"]
[White "Aseeva,M"]
[Black "Mokhova,K"]
[Result "0-1"]
[WhiteElo "2125"]
[BlackElo "2155"]
[EventDate "2003.04.16"]

1. e4 e5 2. Nf3 Nf6 3. Nxe5 d6 4. Nf3 Nxe4 5. d4 d5 6. Bd3 Be7 7. O-O Nc6
8. Re1 Bg4 9. c3 f5 10. Nbd2 O-O 11. Qb3 Kh8 12. Ne5 Nxe5 13. dxe5 Bc5 14.
Nxe4 fxe4 15. Be3 Bxe3 16. Rxe3 exd3 17. Rxd3 Qg5 18. Rg3 Qf4 19. f3 Qe3+
20. Kh1 Be6 21. Qxb7 Qxe5 22. Qc6 Rab8 23. b4 Rxb4 24. Rg5 Qxg5 25. cxb4
Qe5 26. Rc1 d4 0-1

[Event "City-ch w"]
[Site "St Petersburg RUS"]
[Date "2003.04.21"]
[Round "5"]
[White "Rakitskaja,M"]
[Black "Dushenok,A"]
[Result "1-0"]
[WhiteElo "2122"]
[BlackElo "2224"]
[EventDate "2003.04.16"]

1. d4 d5 2. Nf3 Nf6 3. c4 dxc4 4. e3 Bg4 5. Bxc4 e6 6. O-O Bd6 7. Nc3 a6 8.
e4 Be7 9. e5 Nfd7 10. h3 Bxf3 11. Qxf3 Nb6 12. Bb3 Qxd4 13. Be3 Qd7 14.
Rfd1 Qc6 15. Ne4 Nd5 16. Rac1 Qd7 17. Bxd5 exd5 18. Rxd5 Qc8 19. Nd6+ Bxd6
20. exd6 O-O 21. Rxc7 Qd8 22. Bg5 f6 23. Bf4 Nd7 24. Rxb7 Rb8 25. Rxb8 Qxb8
26. Rd2 Qb4 27. Qd5+ Rf7 28. Qd4 Qxd4 29. Rxd4 Nb6 30. a4 Rd7 31. a5 Nc8
32. Rc4 Nxd6 33. Rd4 1-0

[Event "City-ch w"]
[Site "St Petersburg RUS"]
[Date "2003.04.22"]
[Round "6"]
[White "Mokhova,K"]
[Black "Stjazhkina,O"]
[Result "0-1"]
[WhiteElo "2155"]
[BlackElo "2313"]
[EventDate "2003.04.16"]

1. e4 e5 2. Nf3 Nc6 3. Bc4 Bc5 4. d3 Nf6 5. O-O d6 6. c3 a6 7. a4 h6 8. Re1
O-O 9. Nbd2 Kh8 10. Nf1 Be6 11. Ng3 Bxc4 12. dxc4 Nh7 13. Nf5 Qf6 14. b4
Bb6 15. Qd5 a5 16. b5 Ne7 17. Nxe7 Qxe7 18. Qxb7 Nf6 19. Ba3 Rab8 20. Qa6
Qe6 21. Nd2 Nd7 22. Re2 Rfd8 23. Kf1 Nf8 24. Ra2 Ng6 25. g3 Nf8 26. Bb4 Nd7
27. Kg2 f5 28. exf5 Qxf5 29. Ne4 Nf6 30. Nxf6 Qxf6 31. Bxa5 Ra8 32. Qb7
Rxa5 33. Qd5 Rda8 34. Qd1 Qf5 35. f3 Qc8 36. Ra1 Qb7 37. h4 Rf8 38. Re4
Raa8 39. Qd3 Rf7 40. Ra2 Raf8 41. Ra1 Rxf3 42. Qxf3 Rxf3 43. Kxf3 Ba5 44.
Rc1 Qb6 45. Kg2 Qc5 46. Rf1 Bxc3 47. Kh3 Kg8 48. Rg4 Bd4 49. Rf6 Qxc4 0-1

[Event "City-ch w"]
[Site "St Petersburg RUS"]
[Date "2003.04.22"]
[Round "6"]
[White "Bystryakova,E"]
[Black "Aseeva,M"]
[Result "1-0"]
[WhiteElo "2197"]
[BlackElo "2125"]
[EventDate "2003.04.16"]

1. d4 Nf6 2. Nf3 e6 3. g3 b6 4. Bg2 Bb7 5. c4 Bb4+ 6. Bd2 Bxd2+ 7. Nbxd2
O-O 8. Qc2 d5 9. O-O Nbd7 10. Rfd1 Qe7 11. cxd5 Rac8 12. dxe6 fxe6 13. b3
c5 14. dxc5 Rxc5 15. Qb2 e5 16. Nc4 e4 17. Nd4 Ng4 18. f3 Nge5 19. Nxe5
Nxe5 20. fxe4 Ng4 21. Bf3 Ne3 22. Rd3 Qf6 23. Rxe3 Rfc8 24. Rb1 Ba6 25. Nf5
Qg5 26. h4 1-0

[Event "City-ch w"]
[Site "St Petersburg RUS"]
[Date "2003.04.22"]
[Round "6"]
[White "Kuzevanova,E"]
[Black "Korbut,E"]
[Result "0-1"]
[WhiteElo "2048"]
[BlackElo "2312"]
[EventDate "2003.04.16"]

1. c4 e5 2. Nc3 Nf6 3. Nf3 Nc6 4. d3 d5 5. cxd5 Nxd5 6. g3 Be7 7. Bg2 Nb6
8. O-O O-O 9. a3 Re8 10. b4 Bf8 11. Bb2 Bg4 12. Nd2 Rb8 13. Rc1 Nd4 14. Nc4
c6 15. Ne3 Be6 16. Ne4 Bb3 17. Qd2 Be6 18. Qd1 f6 19. Nd2 f5 20. Nf3 g6 21.
Nc4 Nxf3+ 22. Bxf3 Nxc4 23. dxc4 Qxd1 24. Rfxd1 e4 25. Bg2 Rbd8 26. e3
Rxd1+ 27. Rxd1 Bxc4 28. Bf1 Bd5 29. Bd4 a6 30. Be2 Kf7 31. Kf1 Ke6 32. Ke1
a5 33. Bc5 axb4 34. axb4 Bg7 35. Bd4 Bxd4 36. Rxd4 Ra8 37. Rd1 Ra2 38. Rb1
g5 39. Kd1 Ke5 40. b5 c5 41. b6 Kd6 42. Ke1 c4 43. g4 f4 44. exf4 gxf4 45.
h4 f3 46. Bd1 c3 47. Rc1 e3 0-1

[Event "City-ch w"]
[Site "St Petersburg RUS"]
[Date "2003.04.22"]
[Round "6"]
[White "Akatova,E"]
[Black "Rakitskaja,M"]
[Result "0-1"]
[WhiteElo "2136"]
[BlackElo "2122"]
[EventDate "2003.04.16"]

1. e4 c5 2. Nc3 e6 3. g3 Nc6 4. Bg2 Nge7 5. Nge2 g6 6. d3 Bg7 7. Be3 d6 8.
O-O O-O 9. Qd2 Re8 10. f4 Rb8 11. Nd1 b5 12. g4 f5 13. exf5 exf5 14. g5 Bb7
15. d4 Qb6 16. dxc5 dxc5 17. Nc1 Rbd8 18. Qf2 Nd4 19. Bxb7 Qxb7 20. c3 Nd5
21. Rb1 Nxe3 22. Nxe3 Qe4 23. Ra1 Qxe3 24. Qxe3 Rxe3 25. cxd4 Bxd4 26. Kh1
c4 27. a4 b4 28. Na2 b3 29. Nc1 Bxb2 30. Rb1 Bg7 31. Kg1 Rd2 0-1

[Event "City-ch w"]
[Site "St Petersburg RUS"]
[Date "2003.04.22"]
[Round "6"]
[White "Antoshkova,T"]
[Black "Dushenok,A"]
[Result "0-1"]
[WhiteElo "2103"]
[BlackElo "2224"]
[EventDate "2003.04.16"]

1. e4 e6 2. d4 d5 3. Nc3 dxe4 4. Nxe4 Nd7 5. Bd3 Ngf6 6. Nf3 c5 7. O-O cxd4
8. Nxd4 Be7 9. Re1 O-O 10. c3 Nxe4 11. Bxe4 Nf6 12. Bc2 Qc7 13. Bg5 h6 14.
Bh4 Rd8 15. Qd3 Kf8 16. Bg3 Qb6 17. Be5 Qxb2 18. Bb3 Qa3 19. Rad1 Qa5 20.
Bxf6 Bxf6 21. Qh7 Bxd4 22. cxd4 Qf5 23. Qh8+ Ke7 24. Qxg7 Qf6 25. Qg3 Qg5
26. Qc7+ Rd7 27. Qc3 Qf4 28. Re5 b6 29. Ba4 Rd6 30. g3 Qg4 31. f3 Qg8 32.
Rde1 Qd8 33. d5 b5 34. Bb3 Qb6+ 35. Kg2 f6 36. Rh5 e5 37. Rxh6 Bf5 38. g4
Rg8 39. h3 Kf7 40. Kh2 Qf2+ 41. Kh1 Kg7 42. Rh5 Bg6 43. Qc7+ Bf7 44. Rg1
Qxf3+ 45. Kh2 Qf4+ 46. Kh1 Rgd8 47. Rf5 Qe4+ 48. Kh2 R8d7 49. Qc1 Bxd5 50.
Bc2 Qe2+ 51. Kg3 Rc6 52. Kh4 Rxc2 53. Qa3 Be6 54. Rh5 Qf2+ 55. Rg3 Rcd2 56.
Qc1 R7d3 57. Qc7+ Bd7 58. Rh7+ Kxh7 59. Kh5 Qxg3 0-1

[Event "City-ch w"]
[Site "St Petersburg RUS"]
[Date "2003.04.24"]
[Round "7"]
[White "Dushenok,A"]
[Black "Akatova,E"]
[Result "1-0"]
[WhiteElo "2224"]
[BlackElo "2136"]
[EventDate "2003.04.16"]

1. d4 d6 2. e4 g6 3. Bc4 Bg7 4. Nf3 Nf6 5. Qe2 O-O 6. O-O Nc6 7. c3 e5 8.
dxe5 dxe5 9. Bb3 Qe7 10. Na3 Be6 11. Ba4 Bd7 12. Bg5 h6 13. Bh4 g5 14. Bg3
Nh5 15. Nc4 Nf4 16. Qc2 Bg4 17. Bxf4 exf4 18. Nfd2 f3 19. Nxf3 Bxf3 20.
gxf3 Ne5 21. Nxe5 Bxe5 22. Kg2 Qf6 23. Bd7 Qf4 24. Rh1 Rad8 25. Rad1 g4 26.
Qe2 Bd6 27. Bxg4 h5 28. Bxh5 Qh4 29. Bg4 Bf4 30. h3 Rde8 31. Rd5 Bg5 32.
Rf5 Rd8 33. f4 Bh6 34. Rg1 Kh8 35. e5 Rg8 36. Kh1 Rd2 37. Qxd2 Rxg4 38. Qe3
Rxf4 39. Rxf4 Qxf4 40. Qg3 Qe4+ 41. f3 Qh7 42. Rd1 Bf8 43. Rd8 Qh6 44. f4
Kh7 45. h4 Bg7 46. Qd3+ 1-0

[Event "City-ch w"]
[Site "St Petersburg RUS"]
[Date "2003.04.24"]
[Round "7"]
[White "Aseeva,M"]
[Black "Antoshkova,T"]
[Result "1-0"]
[WhiteElo "2125"]
[BlackElo "2103"]
[EventDate "2003.04.16"]

1. e4 e5 2. Nf3 Nc6 3. d4 exd4 4. Nxd4 Nf6 5. Nxc6 bxc6 6. e5 Nd5 7. c4 Nb6
8. Bd3 d5 9. exd6 cxd6 10. O-O Be7 11. Nc3 Nd7 12. Bf4 O-O 13. Re1 Nf6 14.
Rxe7 Qxe7 15. Bxd6 Qb7 16. Bxf8 Kxf8 17. b3 Bg4 18. Qc2 Rd8 19. Ne4 Qe7 20.
Nxf6 Qxf6 21. Re1 Qf4 22. h3 Be6 23. Re3 g6 24. Qc3 Kg8 25. g3 Qg5 26. h4
Qg4 27. Be2 Qh3 28. Qf6 Rd2 29. g4 Qxe3 30. fxe3 Rxe2 31. h5 gxh5 32. gxh5
Kf8 33. h6 Ke8 34. Qh8+ Ke7 35. Qxh7 Rxe3 36. Qg7 Re1+ 37. Kf2 Rh1 38. h7
Rh2+ 39. Kg1 1-0